Statistics for Mountain Ranges of Colorado

Click here to take the quiz!

General Stats

  • This quiz has been taken 13 times
  • The average score is 12 of 42

Answer Stats

Mountain Range % Correct
East Central San Juan Mountains
73%
San Juan Mountains
73%
North Central San Juan Mountains
73%
Southern San Juan Mountains
73%
Front Ranges
64%
Southern Front Range
64%
Northern Front Range
64%
Central Front Range
64%
Sangre de Cristo Range
55%
Northern Sangre de Cristo Range
55%
Elk Mountains
45%
Central Sawatch Range
45%
Tenmile Range
36%
Mosquito Range
36%
Sawatch Range
36%
Northern Sawatch Range
36%
Southern Sawatch Range
36%
Gore Range
18%
Park Range
18%
La Plata Mountains
18%
Uncompahgre Plateau
18%
Central Park Range
18%
Flat Tops
18%
San Miguel Mountains
9%
Wet Mountains
9%
Laramie Mountains
9%
Grand Mesa
9%
Ute Mountains
0%
White River Plateau
0%
Elkhead Mountains
0%
La Garita Mountains
0%
Rabbit Ears Range
0%
Medicine Bow Mountains
0%
Needle Mountains
0%
West Elk Mountains
0%
Ruby Range
0%
Sierra Blanca Massif
0%
Culebra Range
0%
Sneffels Range
0%
Raton Mesa
0%

Score Distribution

Percentile by Number Answered

Percent of People with Each Score

Your Score History

You have not taken this quiz